[Event "VIE-ch (Women)"]
[Site "Hanoi"]
[Date "2024.03.15"]
[Round "8"]
[White "Tran, Thi Phuong Anh"]
[Black "Tong, Thai Hoang An"]
[Result "0-1"]
[WhiteElo "1813"]
[BlackElo "1801"]
[PlyCount "44"]
[EventDate "2024.03.11"]
[EventType "swiss"]
[EventRounds "9"]
[EventCountry "VIE"]
[SourceTitle "CB13_2024"]
[SourceDate "2024.03.27"]
[SourceVersion "1"]
[SourceVersionDate "2024.03.27"]
[SourceQuality "1"]

1. e4 c6 2. d4 d5 3. exd5 cxd5 4. c4 Nf6 5. Nc3 Nc6 6. Nf3 Bg4 7. cxd5 Nxd5 8. Bc4 e6 9. h3 Bh5 10. g4 Bg6 11. 0-0 Be7 12. Qb3 Ndb4 13. Ne1 0-0 14. a3 Nxd4 15. Qa4 Nbc2 16. Nxc2 Bxc2 17. b3 a6 18. Be3 e5 19. Bd5 b5 20. Bxa8 bxa4 21. Bg2 axb3 22. Bc1 Bg5 0-1

[Event "VIE-chT (Women)"]
[Site "Hanoi"]
[Date "2023.04.20"]
[Round "4"]
[White "Tran, Thi Phuong Anh"]
[Black "Pham, Thi Minh Ngoc"]
[Result "1-0"]
[WhiteElo "1689"]
[BlackElo "1943"]
[PlyCount "96"]
[EventDate "2023.04.18"]
[EventType "swiss"]
[EventRounds "9"]
[EventCountry "VIE"]
[SourceTitle "EXT 2024"]
[Source "ChessBase"]
[SourceDate "2023.10.10"]
[SourceVersion "1"]
[SourceVersionDate "2023.10.10"]
[SourceQuality "1"]

1. e4 e6 2. d4 d5 3. Nc3 c5 4. exd5 exd5 5. dxc5 d4 6. Nb5 Bxc5 7. Bf4 Na6 8. Bc4 Ne7 9. Nf3 Qa5+ 10. Qd2 Qxd2+ 11. Bxd2 Nc6 12. 0-0 0-0 13. a3 Bf5 14. b4 Bb6 15. Nd6 Ne7 16. Rfe1 Be6 17. Bxe6 fxe6 18. Rxe6 Ng6 19. Nc4 Nc7 20. Re4 Rae8 21. Rxe8 Rxe8 22. Nxb6 axb6 23. Nxd4 Rd8 24. Nb3 Rc8 25. c4 Ne6 26. Be3 Rxc4 27. Bxb6 Rc6 28. Be3 Ne7 29. Nd4 Nxd4 30. Bxd4 Ra6 31. a4 Nd5 32. b5 Ra5 33. Kf1 Kf7 34. Ke2 Nf4+ 35. Kf3 Nd5 36. Ke4 Nb4 37. Bc3 Nc2 38. Ra2 Ra8 39. Rxc2 Rxa4+ 40. Bd4 Rb4 41. b6 g6 42. Rc7+ Kg8 43. Rxb7 Kf8 44. Rxh7 Ke8 45. b7 Kd8 46. Rh8+ Kc7 47. b8Q+ Rxb8 48. Be5+ Kd7 1-0

[Event "VIE-ch U15 Girls"]
[Site "Ho Chi Minh City"]
[Date "2014.07.15"]
[Round "5"]
[White "Tran, Thi Phuong Anh"]
[Black "Phan, Nguyen Ha Nhu"]
[Result "1-0"]
[WhiteElo "1909"]
[BlackElo "1632"]
[PlyCount "111"]
[EventDate "2014.07.13"]
[EventType "swiss"]
[EventRounds "9"]
[EventCountry "VIE"]
[SourceTitle "EXT 2016"]
[Source "ChessBase"]
[SourceDate "2015.10.08"]
[SourceVersion "1"]
[SourceVersionDate "2015.10.08"]
[SourceQuality "1"]

1. Nf3 g6 2. e4 d6 3. d4 Bg7 4. c4 Bg4 5. Be2 Nc6 6. Be3 e5 7. d5 Bxf3 8. Bxf3 Nd4 9. Bxd4 exd4 10. Qd3 Ne7 11. Nd2 0-0 12. 0-0 c5 13. Rab1 a5 14. a3 a4 15. b4 axb3 16. Rxb3 Qc7 17. Rfb1 Ra7 18. Bg4 Kh8 19. f4 f5 20. exf5 Nxf5 21. Bxf5 Rxf5 22. Qe4 Qf7 23. g3 Bf8 24. Nf3 h6 25. Nxd4 Rf6 26. Ne6 Qe7 27. Re1 Kg8 28. Nxc5 dxc5 29. Qxe7 Bxe7 30. Rxe7 Rf7 31. Re6 Kg7 32. Kf2 Ra4 33. Rc3 g5 34. Ke3 g4 35. Ke4 b5 36. d6 b4 37. axb4 cxb4 38. Rb3 Rb7 39. Kd5 Ra3 40. Re7+ Rxe7 41. dxe7 Kf7 42. Rxb4 Rd3+ 43. Kc6 Kxe7 44. Rb7+ Kf6 45. Rb2 h5 46. c5 Ke7 47. Rb7+ Kf6 48. Rd7 Rb3 49. Rd6+ Kg7 50. Kc7 Rb2 51. c6 Rxh2 52. Kd8 h4 53. c7 Rc2 54. gxh4 g3 55. c8Q Rxc8+ 56. Kxc8 1-0

[Event "VIE-ch U13 Girls"]
[Site "Da Lat"]
[Date "2013.07.??"]
[Round "8"]
[White "Ho, Ngoc Yen Lan"]
[Black "Tran, Thi Phuong Anh"]
[Result "0-1"]
[WhiteElo "1983"]
[BlackElo "1988"]
[PlyCount "130"]
[EventDate "2013.07.13"]
[EventType "swiss"]
[EventRounds "9"]
[EventCountry "VIE"]
[SourceTitle "EXT 2014"]
[Source "ChessBase"]
[SourceDate "2013.11.20"]
[SourceVersion "1"]
[SourceVersionDate "2013.11.20"]
[SourceQuality "1"]

1. e4 c6 2. d4 d5 3. exd5 cxd5 4. c3 Nf6 5. Nf3 Nc6 6. Bd3 Bg4 7. h3 Bh5 8. Be3 e6 9. Nbd2 Be7 10. Qb3 Qc7 11. Bg5 Bxf3 12. Nxf3 0-0 13. 0-0 h6 14. Bh4 Rfe8 15. Bg3 Qc8 16. Rfe1 a6 17. Bh2 b5 18. a4 Na5 19. Qc2 b4 20. cxb4 Qxc2 21. Bxc2 Bxb4 22. Re2 Rec8 23. Bd3 Nd7 24. Ne5 Nxe5 25. Bxe5 Rc6 26. Bf4 Nb3 27. Rd1 Nxd4 28. Re3 Nb3 29. Bxa6 Raxa6 30. Rxb3 Rxa4 31. Rd4 Ra1+ 32. Kh2 Bc5 33. Rd2 Ra4 34. Bg3 Rb6 35. Rxb6 Bxb6 36. b3 Rb4 37. Rb2 f6 38. f3 Kf7 39. Be1 Rb5 40. Kg3 e5 41. Bf2 Bxf2+ 42. Kxf2 Ke6 43. Ke3 Kd6 44. b4 Rb7 45. f4 g6 46. fxe5+ fxe5 47. Kf3 e4+ 48. Kf4 Rf7+ 49. Kg4 d4 50. h4 Kd5 51. b5 Rb7 52. h5 g5 53. Kf5 Rb6 54. Re2 e3 55. g3 Rxb5 56. Kg4 Ke4 57. Rg2 Rb6 58. Rc2 d3 59. Rh2 e2 60. Rh1 d2 61. Ra1 d1Q 62. Rxd1 exd1Q+ 63. Kh3 Qxh5+ 64. Kg2 Rb2+ 65. Kf1 Qd1# 0-1

[Event "VIE-ch U13 Girls"]
[Site "Da Lat"]
[Date "2013.07.??"]
[Round "6"]
[White "Tran Nguyen Huyen, Tran"]
[Black "Tran, Thi Phuong Anh"]
[Result "1-0"]
[WhiteElo "1972"]
[BlackElo "1988"]
[PlyCount "121"]
[EventDate "2013.07.13"]
[EventType "swiss"]
[EventRounds "9"]
[EventCountry "VIE"]
[SourceTitle "EXT 2014"]
[Source "ChessBase"]
[SourceDate "2013.11.20"]
[SourceVersion "1"]
[SourceVersionDate "2013.11.20"]
[SourceQuality "1"]

1. d4 c6 2. c4 d5 3. Nc3 Nf6 4. Nf3 Bf5 5. Qb3 Qd7 6. Ne5 dxc4 7. Nxd7 cxb3 8. Nxf8 Rxf8 9. axb3 Nbd7 10. f3 Be6 11. b4 Bc4 12. e4 Bxf1 13. Rxf1 e5 14. Be3 a6 15. b5 exd4 16. Bxd4 c5 17. Bxf6 Nxf6 18. bxa6 Rxa6 19. Kf2 Rb6 20. Na4 Rb5 21. Rac1 b6 22. Rfd1 Rb4 23. Ra1 Ke7 24. b3 Nd7 25. Rd3 Ra8 26. Rad1 Ra7 27. Nc3 Ke8 28. Nd5 Rb5 29. Ne3 g6 30. Nc4 Rb4 31. Nd6+ Kf8 32. Nxf7 Kxf7 33. Rxd7+ Rxd7 34. Rxd7+ Kf6 35. Rd3 b5 36. Ke3 c4 37. bxc4 bxc4 38. Rc3 Rb2 39. g4 Rxh2 40. Rxc4 h5 41. Rc6+ Kf7 42. Kf4 hxg4 43. Kxg4 Rg2+ 44. Kf4 g5+ 45. Kf5 Rg3 46. Rc3 Ke7 47. Ra3 Rg1 48. e5 Rg2 49. Ra7+ Ke8 50. Kf6 Rf2 51. Ra3 g4 52. Ra8+ Kd7 53. e6+ Kd6 54. Rd8+ Kc5 55. e7 Rxf3+ 56. Kg5 Re3 57. e8Q Rxe8 58. Rxe8 g3 59. Re2 Kd4 60. Kg4 g2 61. Rxg2 1-0